[Event "SC Klein-Berlin Rheine 1 - SF Telgte 1"]
[Site "Regionalliga 2015/2016"]
[Date "2015.09.05"]
[Round "1.5"]
[White "Rex, Dieter"]
[Black "Brümmer, Andreas"]
[Result "1/2-1/2"]
[WhiteElo "1642"]
[BlackElo "1921"]
[PlyCount "37"]
[EventDate "2015.??.??"]
[SourceDate "2015.09.11"]

1. d4 f5 2. Nf3 Nf6 3. Bf4 e6 4. Nbd2 b6 5. e3 Bb7 6. Be2 g6 7. O-O Bg7 8. h3
O-O 9. c4 d6 10. b4 Nbd7 11. Rc1 Ne4 12. Nxe4 fxe4 13. Nd2 e5 14. dxe5 Nxe5 15.
Qb3 c5 16. Rfd1 Qf6 17. Rf1 g5 18. Bg3 Qg6 19. Nb1 1/2-1/2

[Event "SC Klein-Berlin Rheine 1 - SF Telgte 1"]
[Site "Regionalliga 2015/2016"]
[Date "2015.09.05"]
[Round "1.6"]
[White "Averkamp-Peters, Jens"]
[Black "Stephan, Matthias"]
[Result "1-0"]
[WhiteElo "1935"]
[BlackElo "1583"]
[PlyCount "42"]
[EventDate "2015.??.??"]
[SourceDate "2015.09.11"]

1. d4 d5 2. c4 e6 3. Nc3 c6 4. Nf3 Nf6 5. Bg5 Nbd7 6. e3 Qb6 7. Qc2 Bb4 8. Bd3
dxc4 9. Bxc4 Qa5 10. O-O Bxc3 11. bxc3 Nd5 12. Rac1 b5 13. Bb3 Bb7 14. e4 Nc7
15. Bd2 Qb6 16. Rfe1 c5 17. c4 O-O 18. cxb5 Nxb5 19. dxc5 Qc6 20. a4 Nc7 21.
Nd4 Qa6 1-0

[Event "SC Klein-Berlin Rheine 1 - SF Telgte 1"]
[Site "Regionalliga 2015/2016"]
[Date "2015.09.05"]
[Round "1.8"]
[White "Hemmert, Michael"]
[Black "Schomaker, Günther"]
[Result "1/2-1/2"]
[WhiteElo "1856"]
[BlackElo "1665"]
[PlyCount "32"]
[EventDate "2015.??.??"]
[SourceDate "2015.09.11"]

1. d4 d5 2. Bf4 Nf6 3. e3 c6 4. c3 Bf5 5. Bd3 Bxd3 6. Qxd3 e6 7. Nf3 Bd6 8. Bg5
Nbd7 9. Nbd2 O-O 10. e4 dxe4 11. Nxe4 Be7 12. Bf4 Nxe4 13. Qxe4 Nf6 14. Qe2 c5
15. Rd1 Qa5 16. a3 Nd5 1/2-1/2

[Event "Schach Nienberge 1 - Südlohner SV 1"]
[Site "Regionalliga 2015/2016"]
[Date "2015.09.05"]
[Round "1.1"]
[White "Dönnebrink, Elmar"]
[Black "Remmeke, Hans"]
[Result "0-1"]
[WhiteElo "2054"]
[BlackElo "2123"]
[PlyCount "132"]
[EventDate "2015.??.??"]
[SourceDate "2015.09.11"]

1. e4 Nf6 2. e5 Nd5 3. Nc3 Nxc3 4. bxc3 c5 5. d4 Qc7 6. Nf3 d5 7. exd6 exd6 8.
Bf4 Be7 9. Rb1 O-O 10. Qd2 Qa5 11. Be2 Qxa2 12. O-O Qd5 13. Ng5 Bxg5 14. Bxg5
cxd4 15. cxd4 Nc6 16. c3 f6 17. Bf4 Rd8 18. Rb5 Qf7 19. Bf3 d5 20. Qa2 Be6 21.
Rfb1 b6 22. Qa1 Na5 23. Be2 Bf5 24. R1b4 Rac8 25. c4 Be6 26. cxd5 Bxd5 27. Rb1
Bc4 28. Bxc4 Rxc4 29. Be3 Nc6 30. d5 Rxd5 31. Rxd5 Qxd5 32. Rd1 Qe6 33. Qa6 h5
34. Qb7 Ra4 35. h3 Ne5 36. Bh6 Qf7 37. Qa8+ Kh7 38. Be3 Qg6 39. Rd8 Qe4 40.
Rh8+ Kg6 41. Qg8 Qc4 42. Rh6+ Kf5 43. Qh7+ g6 44. Rxh5+ Ke6 45. Qg8+ Kd6 46.
Qd8+ Nd7 47. Rh7 Qe6 48. Bh6 Rd4 49. Qc8 g5 50. Bf8+ Nxf8 51. Qxf8+ Kc6 52.
Qa8+ Kb5 53. Rxa7 Qe1+ 54. Kh2 Qxf2 55. Qe8+ Kc5 56. Qe7+ Rd6 57. Rc7+ Kd5 58.
Qf7+ Ke5 59. Qe8+ Kf4 60. Rc4+ Rd4 61. Qb8+ Ke4 62. Qe8+ Kd3 63. Rc6 Qf4+ 64.
Kg1 Rd6 65. Qg6+ Kd4 66. Rc2 Re6 0-1

[Event "Schach Nienberge 1 - Südlohner SV 1"]
[Site "Regionalliga 2015/2016"]
[Date "2015.09.05"]
[Round "1.2"]
[White "Ringwelski, Marius"]
[Black "Funke, Reinhard"]
[Result "0-1"]
[WhiteElo "1999"]
[BlackElo "2061"]
[PlyCount "108"]
[EventDate "2015.??.??"]
[SourceDate "2015.09.11"]

1. c4 Nf6 2. Nc3 g6 3. e4 d6 4. d4 Bg7 5. Be2 O-O 6. Nf3 c5 7. O-O Nc6 8. d5
Ne5 9. Nxe5 dxe5 10. Rb1 a5 11. f3 Ne8 12. a4 Bd7 13. Bg5 Nd6 14. Qd2 f6 15.
Bh6 g5 16. Bxg7 Kxg7 17. g3 Nf7 18. Kf2 Qc7 19. h4 h6 20. Rh1 Rh8 21. Bf1 Qc8
22. Rh2 b6 23. Be2 Qc7 24. Rbh1 Rag8 25. Bf1 Qc8 26. Qe2 Kf8 27. Ke1 g4 28.
fxg4 Bxg4 29. Qd3 Rh7 30. Nb5 Qd7 31. Rf2 Rg6 32. h5 Rg5 33. d6 Rxh5 34. Rxh5
Bxh5 35. dxe7+ Qxe7 36. Rd2 Ng5 37. Rf2 Bg4 38. Be2 Bd7 39. Nc3 Bc6 40. Bh5 Kg7
41. Nd5 Bxd5 42. Qxd5 Rh8 43. Rd2 Rb8 44. Qc6 Rd8 45. Qxb6 Rxd2 46. Kxd2 Nxe4+
47. Kc2 Nxg3 48. Bd1 e4 49. Qxa5 e3 50. Qc3 Qe4+ 51. Qd3 e2 52. Bxe2 Qxe2+ 53.
Qxe2 Nxe2 54. b4 Nd4+ 0-1

[Event "Schach Nienberge 1 - Südlohner SV 1"]
[Site "Regionalliga 2015/2016"]
[Date "2015.09.05"]
[Round "1.3"]
[White "Kolakovic, Klaudio"]
[Black "Kemper, Georg"]
[Result "1-0"]
[WhiteElo "1978"]
[BlackElo "1886"]
[PlyCount "111"]
[EventDate "2015.??.??"]
[SourceDate "2015.09.11"]

1. e4 e6 2. d4 d5 3. Nc3 Bb4 4. e5 b6 5. a3 Bf8 6. f4 Nh6 7. Nf3 Qd7 8. Bd3 Ba6
9. Bxa6 Nxa6 10. Qd3 Nb8 11. Nd1 c5 12. c3 Nc6 13. Ne3 O-O-O 14. O-O Kb8 15. b4
c4 16. Qd1 Be7 17. a4 f6 18. a5 b5 19. Ra2 Rdf8 20. a6 Ka8 21. Bd2 Rb8 22. exf6
gxf6 23. Qe2 Nf7 24. Nh4 f5 25. Nf3 Nd6 26. Ne5 Nxe5 27. dxe5 Ne4 28. Nc2 Bd8
29. Nd4 Bb6 30. Qe3 Rbg8 31. Be1 Rg6 32. Bh4 Rhg8 33. g3 Qg7 34. Kh1 Qd7 35.
Rd1 Rb8 36. Rg2 h5 37. Bg5 Rgg8 38. h4 Rgc8 39. Ra1 Bxd4 40. Qxd4 Rb6 41. Kh2
Rcc6 42. Rga2 Qc8 43. Ra5 Rxa6 44. g4 fxg4 45. f5 Rxa5 46. Rxa5 Ra6 47. fxe6
Rxa5 48. Qxd5+ Kb8 49. bxa5 Nxg5 50. Qxb5+ Ka8 51. Qd5+ Kb8 52. hxg5 Qe8 53.
Qd6+ Kc8 54. e7 Qa4 55. Kg3 Kb7 56. a6+ 1-0

[Event "Schach Nienberge 1 - Südlohner SV 1"]
[Site "Regionalliga 2015/2016"]
[Date "2015.09.05"]
[Round "1.4"]
[White "Gottkehaskamp, Philipp"]
[Black "Völker, Christian"]
[Result "1-0"]
[WhiteElo "1975"]
[BlackElo "2037"]
[PlyCount "51"]
[EventDate "2015.??.??"]
[SourceDate "2015.09.11"]

1. Nf3 Nf6 2. g3 d6 3. d3 g6 4. Bg2 Bg7 5. O-O O-O 6. e4 e5 7. Nbd2 Nc6 8. c3
h6 9. a4 a5 10. Re1 Nh7 11. Nc4 Be6 12. Ne3 Ne7 13. d4 c6 14. dxe5 dxe5 15. Qe2
Qc7 16. Nc4 b5 17. Na3 b4 18. Nc4 c5 19. Be3 f6 20. cxb4 axb4 21. Nfd2 Rfc8 22.
a5 Rd8 23. Nb6 Rab8 24. Rec1 Rd4 25. Bxd4 exd4 26. Qb5 1-0

[Event "Schach Nienberge 1 - Südlohner SV 1"]
[Site "Regionalliga 2015/2016"]
[Date "2015.09.05"]
[Round "1.5"]
[White "Darwisch, Khaled"]
[Black "Haas, Kai Markus"]
[Result "1/2-1/2"]
[WhiteElo "2020"]
[BlackElo "2000"]
[PlyCount "32"]
[EventDate "2015.??.??"]
[SourceDate "2015.09.11"]

1. e4 d5 2. exd5 Nf6 3. Nc3 Bg4 4. f3 Bf5 5. Bc4 Nbd7 6. g4 Nb6 7. d3 Bc8 8.
Nge2 Nfxd5 9. Nxd5 Nxd5 10. Nf4 c6 11. Qe2 Qd6 12. Bxd5 cxd5 13. d4 e6 14. Nh5
Bd7 15. Bf4 Qb6 16. c3 Qb5 1/2-1/2

[Event "Schach Nienberge 1 - Südlohner SV 1"]
[Site "Regionalliga 2015/2016"]
[Date "2015.09.05"]
[Round "1.6"]
[White "Gottkehaskamp, Stefan"]
[Black "Hater, Wolfgang"]
[Result "1/2-1/2"]
[WhiteElo "1953"]
[BlackElo "2030"]
[PlyCount "119"]
[EventDate "2015.??.??"]
[SourceDate "2015.09.11"]

1. d4 Nf6 2. Nf3 d6 3. c4 Nbd7 4. Nc3 e5 5. g3 c6 6. Bg2 Be7 7. O-O O-O 8. Qc2
Re8 9. e4 a6 10. a4 exd4 11. Nxd4 a5 12. h3 Qc7 13. Be3 Nc5 14. Rad1 Bf8 15.
Nf5 Nfd7 16. Rd2 Ne5 17. Ne2 Be6 18. b3 f6 19. Rfd1 Qb6 20. Nc1 Red8 21. Kh2
Qc7 22. Rd4 g6 23. Nh6+ Kh8 24. Qd2 Qb6 25. f4 Nf7 26. Nxf7+ Bxf7 27. Qf2 Qc7
28. Qb2 Kg8 29. R4d2 Qe7 30. Re2 Re8 31. Bd4 Nd7 32. Bc3 Qd8 33. Qd2 Nc5 34.
Qb2 Nd7 35. e5 fxe5 36. fxe5 dxe5 37. Bxe5 Qc8 38. Bd4 Nc5 39. Rde1 Qd7 40. Qc3
Ne6 41. Bf6 Nc5 42. Qf3 Rxe2 43. Rxe2 Re8 44. Bc3 Rxe2 45. Qxe2 Qf5 46. Ba1 Bg7
47. Bxg7 Kxg7 48. Qd2 h5 49. h4 Kh7 50. Qe3 Ne6 51. Ne2 Qc5 52. Qe4 Kg7 53. Nf4
Nxf4 54. Qxf4 b5 55. axb5 cxb5 56. Bd5 Bxd5 57. Qe5+ Kh7 58. cxd5 a4 59. bxa4
bxa4 60. Qe8 1/2-1/2

[Event "Schach Nienberge 1 - Südlohner SV 1"]
[Site "Regionalliga 2015/2016"]
[Date "2015.09.05"]
[Round "1.7"]
[White "Telöken, Andreas"]
[Black "Althoff, Franz"]
[Result "0-1"]
[WhiteElo "1990"]
[BlackElo "2000"]
[PlyCount "66"]
[EventDate "2015.??.??"]
[SourceDate "2015.09.11"]

1. e4 c5 2. c3 e6 3. d4 d5 4. exd5 exd5 5. Nf3 Nf6 6. Be3 Ng4 7. Bf4 Nc6 8. Be2
Be7 9. Na3 a6 10. Nc2 c4 11. h3 Nf6 12. Ne5 Qb6 13. Rb1 Bf5 14. g4 Be4 15. f3
Nxe5 16. dxe5 Bxc2 17. Qxc2 Nd7 18. Bg3 d4 19. cxd4 Qxd4 20. Qxc4 Qe3 21. Qf4
Qb6 22. Kf1 Rc8 23. Qa4 Rc6 24. Kg2 O-O 25. b4 Qe3 26. Rhe1 Nb6 27. Qb3 Rc3 28.
Qb2 Na4 29. Qa1 Rc2 30. Kf1 Rxe2 31. Rxe2 Qxf3+ 32. Bf2 Qxh3+ 33. Ke1 Bxb4+ 0-1

[Event "Schach Nienberge 1 - Südlohner SV 1"]
[Site "Regionalliga 2015/2016"]
[Date "2015.09.05"]
[Round "1.8"]
[White "Keller, Dirk"]
[Black "Telöken, Daniel"]
[Result "1-0"]
[WhiteElo "1887"]
[BlackElo "1860"]
[PlyCount "137"]
[EventDate "2015.??.??"]
[SourceDate "2015.09.11"]

1. d4 d5 2. c4 e6 3. Nc3 c6 4. cxd5 exd5 5. Qc2 Nf6 6. Bg5 Be7 7. e3 b6 8. Nf3
Nbd7 9. Ne5 Nxe5 10. dxe5 Nd7 11. Bf4 Nc5 12. Bg3 O-O 13. Be2 f6 14. O-O fxe5
15. Bxe5 Bf5 16. Qd1 Nd7 17. Bg3 Nf6 18. Qa4 Qd7 19. Rfd1 Rad8 20. b4 Ne4 21.
Nxe4 Bxe4 22. b5 c5 23. f3 Bg6 24. Rxd5 Qb7 25. Rxd8 Bxd8 26. e4 Bg5 27. Bc4+
Kh8 28. Bd5 Qe7 29. Qb3 Bf6 30. Rd1 Bd4+ 31. Kh1 h5 32. h4 Re8 33. Qc2 Rd8 34.
Qb3 Bf6 35. Bc4 Bxh4 36. Rxd8+ Qxd8 37. Be5 Bf2 38. g3 Qd2 39. Qd3 Qe1+ 40. Qf1
Qe3 41. Qd1 Qg5 42. Bf4 Qe7 43. Qd5 Qe8 44. Kg2 Bd4 45. Qe6 Qxe6 46. Bxe6 Be8
47. a4 g6 48. Bb8 Bc3 49. Bxa7 Ba5 50. Bb8 Kg7 51. Be5+ Kf8 52. Bd6+ Kg7 53.
Be5+ Kf8 54. Kf2 Ke7 55. Bd5 Bd7 56. Bf4 Bc3 57. Bc7 Ba5 58. Bf4 Bc3 59. Ke3
Bh3 60. Kd3 Bb4 61. Bg5+ Kf8 62. Ke3 Bc3 63. Bd8 Ba5 64. Bf6 Ke8 65. e5 Bc3 66.
a5 bxa5 67. Bc6+ Bd7 68. Bxd7+ Kxd7 69. e6+ 1-0